000
00315nam a2200133Ia 4500
008
191201s2008 xx 000 0 und d
100
_a
TANEJA, S P
245
0
_a
Modern Physics for Engineering
250
_a
4th
260
_c
2008
_b
R Chand and Co
_a
N.Delhi
300
_a
228
650
_a
APPLIED
942
_2
ddc
_c
BB
999
_c
7199
_d
7199